Largest Cities in The United Kingdom 1801-1841 - Statistics

General Stats
  • This quiz has been taken 31 times
  • The average score is 50 of 66
Answer Stats
City 1801 % Correct
Birmingham 87,606
100%
Birmingham 124,911 23.0
100%
Birmingham 218,638 30
100%
(Inner London) 939,158
100%
(Inner London) 1,348,908 21.3
100%
(Inner London) 1,899,241 17
100%
London 1,090,078
100%
London 1,560,419 20.5
100%
London 2,185,804 17
100%
Manchester 68,810
100%
Manchester 113,318 38.2
100%
Manchester 215,991 32
100%
(Outer London) 131,666
100%
(Outer London) 211,511 15.6
100%
(Outer London) 286,563 18
100%
Leeds 92,017
96%
Leeds 136,663 28.4
96%
Leeds 225,450 22
96%
Edinburgh 154,324 33.5
93%
Edinburgh 184,319 3
93%
Glasgow 168,689 33.6
93%
Glasgow 308,275 35
93%
Liverpool 85,627
93%
Liverpool 137,880 29.8
93%
Liverpool 271,824 39
93%
Bristol 59,526
86%
Bristol 81,687 15.0
86%
Bristol 110,200 16
86%
Newcastle 47,607 26.8
82%
Newcastle 76,335 28
82%
Nottingham 52,195 18.9
82%
Nottingham 81,592 13
82%
Plymouth 45,846
82%
Plymouth 64,850 9.7
82%
Plymouth 84,222 6
82%
Sheffield 60,095
82%
Sheffield 84,596 21.7
82%
Sheffield 133,762 20
82%
Belfast 75,308 41
79%
Portsmouth 33,476
79%
Leicester 19,991
75%
Dublin 186,276 5.5
71%
Dublin 233,726 1
71%
Hull 27,222
71%
Norwich 31,770
71%
Bradford 52,035
68%
Bradford 82,816 34.3
68%
Bradford 141,360 30
68%
Newcastle 37,272
64%
Aberdeen 48,337 25.9
57%
Brighton 10,407
54%
Stoke-on-Trent 17,513
50%
Preston 15,296
46%
Sunderland 33,999
46%
Sunderland 47,333 26.9
46%
Sunderland 75,056 18
46%
Oldham 40,908
39%
Oldham 65,530 26.3
39%
Oldham 98,531 17
39%
Bolton 29,837
36%
Bolton 48,262 23.7
36%
Bolton 70,270 17
36%
Bath 81,216 20.3
32%
Bath 99,970 9
32%
Stockport 48,343 27.3
11%
Stockport 79,699 23
11%
No matching quizzes found
Score Distribution
Percent of People with Each Score
Percentile by Number Answered
Your Score History
You have not taken this quiz